000 005230000a22001810004500
003 MACL
005 20151207145615.0
008 151207b xxu||||| |||| 00| 0 eng d
040 _aMACL
_cMACL
041 _aHindi
082 _a741.642
100 _aआशा शर्मा
_919692
245 _aभारत के वीर सपूत सम्राट अशोक
260 _bआशा शर्मा
_c2012
350 _a175
650 _aचिल्‍डन बुक
_9314
942 _cHIN
_k741.642
_2ddc
999 _c47286
_d47286